000 00471nam a22001931a 4500
001 3725
003 OSt
005 20260204211901.0
008 050206s1987||||sp ||||||b||||||||||spa||
020 _a843298616x
050 _a370 M384c
082 _a370 M384c
245 _aCómo introducir y utilizar el ordenador en clase / Perez marques
264 _aEspaña : CEAC
300 _a144 p
650 _a1.Educación
700 _aSancho, Joana Ma.Ì
942 _2ddc
_cBK
999 _c3725
_d3725